000 00697cam a2200253 i 4500
001 11232
003 BD-RjUL
005 20211208235107.0
008 140126s1977 caua 001 0 eng
020 _a0534004814
035 _a(BD-RjUL)11281
040 _aDLC
_cDLC
_dDLC
_dBD-RjUL
_beng
041 _aeng
082 0 0 _a510.243
_bFAF 1977
100 1 _aFalbo, Clement E.
_934749
245 1 0 _aFinite mathematics applied /
_cClement E. Falbo.
260 _aBelmont, Calif. :
_bWadsworth Pub. Co.,
_cc1977.
300 _axii, 574 p. :
_bill. ;
_c24 cm.
500 _aIncludes indexes.
650 0 _aMathematics.
_934750
942 _2ddc
_cBK
999 _c11232
_d11232